Kansas Counties by Population - Statistics

General Stats
  • This quiz has been taken 37 times
  • The average score is 34 of 105
Answer Stats
Population County % Correct
613,219 Johnson
100%
119,363 Douglas
92%
523,828 Sedgwick
92%
178,264 Shawnee
92%
167,046 Wyandotte
92%
82,184 Leavenworth
67%
72,208 Riley
67%
53,888 Saline
67%
38,107 Finney
58%
34,159 Ford
58%
61,414 Reno
58%
67,889 Butler
50%
39,110 Crawford
50%
28,790 Ellis
50%
35,934 Geary
50%
34,593 Miami
50%
25,216 Barton
42%
34,496 Cowley
42%
33,817 Harvey
42%
31,998 Lyon
42%
30,146 McPherson
42%
21,747 Seward
42%
14,323 Bourbon
33%
19,130 Cherokee
33%
1,304 Greeley
33%
19,912 Labette
33%
9,747 Linn
33%
31,156 Montgomery
33%
25,790 Pottawatomie
33%
22,385 Sumner
33%
12,464 Allen
25%
7,778 Anderson
25%
16,239 Atchison
25%
4,110 Barber
25%
9,455 Brown
25%
2,598 Chase
25%
3,395 Chautauqua
25%
2,633 Cheyenne
25%
1,977 Clark
25%
8,077 Clay
25%
8,928 Cloud
25%
8,338 Coffey
25%
1,670 Comanche
25%
2,751 Decatur
25%
18,459 Dickinson
25%
7,471 Doniphan
25%
2,832 Edwards
25%
2,441 Elk
25%
6,336 Ellsworth
25%
25,986 Franklin
25%
2,755 Gove
25%
2,400 Graham
25%
5,644 Gray
25%
5,939 Greenwood
25%
2,484 Hamilton
25%
5,331 Harper
25%
1,710 Hodgeman
25%
13,261 Jackson
25%
18,411 Jefferson
25%
2,937 Jewell
25%
3,891 Kearny
25%
7,392 Kingman
25%
2,392 Kiowa
25%
1,565 Lane
25%
2,903 Lincoln
25%
2,722 Logan
25%
11,712 Marion
25%
9,979 Marshall
25%
4,022 Meade
25%
5,748 Mitchell
25%
2,692 Morton
25%
10,216 Nemaha
25%
15,784 Neosho
25%
2,672 Ness
25%
5,342 Norton
25%
3,498 Osborne
25%
5,838 Ottawa
25%
6,225 Pawnee
25%
4,815 Phillips
25%
9,181 Pratt
25%
2,549 Rawlins
25%
4,662 Republic
25%
4,831 Rooks
25%
2,953 Rush
25%
6,703 Russell
25%
5,131 Scott
25%
2,478 Sheridan
25%
5,895 Sherman
25%
3,576 Smith
25%
4,034 Stafford
25%
5,293 Stevens
25%
7,877 Thomas
25%
2,793 Trego
25%
6,966 Wabaunsee
25%
1,508 Wallace
25%
5,511 Washington
25%
2,082 Wichita
25%
8,526 Wilson
25%
3,102 Woodson
25%
7,324 Grant
17%
3,668 Haskell
17%
5,356 Morris
17%
15,768 Osage
17%
9,390 Rice
17%
2,044 Stanton
17%
No matching quizzes found
Score Distribution
Percent of People with Each Score
Percentile by Number Answered
Your Score History
You have not taken this quiz